|
|
|
|
| LEADER |
01135nam a2200265 a 4500 |
| 001 |
00023111 |
| 008 |
110621s2001 bg w 000 0 eng d |
| 040 |
|
|
|a BD-DhAAL
|c BD-DhAAL
|
| 082 |
0 |
0 |
|a 348.5492/046
|2 21
|
| 245 |
0 |
4 |
|a The Bangladesh law chronicles,
|n volume no.6 /
|c editor, Syed Mokaddas Ali.
|
| 246 |
1 |
|
|i Cited as:
|a BLC
|
| 260 |
|
|
|a Dhaka, Bangladesh :
|b Silver Linning Press,
|c 2001-
|
| 300 |
|
|
|a 752 p. ;
|c 25 cm.
|
| 310 |
|
|
|a Monthly
|
| 362 |
0 |
|
|a Vol. 6 (Jan. 2001)-
|
| 500 |
|
|
|a Title from cover.
|
| 500 |
|
|
|a Cit. 6 BLC (AD);6 BLC etc.
|
| 500 |
|
|
|a Cumulated in an annual bound volume.
|
| 541 |
|
|
|e 00023111
|
| 650 |
|
0 |
|a Law reports, digests, etc.
|z Bangladesh.
|
| 700 |
1 |
|
|a Ali,Syed Mokaddas.
|
| 852 |
4 |
|
|a Ayesha Abed Library
|j General shelf
|
| 999 |
|
|
|c 11054
|d 11054
|
| 952 |
|
|
|0 0
|1 0
|2 ddc
|4 0
|6 348_549204600000000_BAN
|7 0
|9 17418
|a BRACUL
|b BRACUL
|c REF
|d 2011-07-12
|l 7
|o 348.5492046 BAN
|p 3010023111
|r 2018-07-25
|s 2018-07-25
|t 1
|w 2011-07-12
|y 1HOUR
|x Available
|
| 952 |
|
|
|0 0
|1 0
|2 ddc
|4 0
|6 348_549204600000000_BAN
|7 0
|9 19903
|a BRACUL
|b BRACUL
|c REF
|d 2012-04-05
|l 7
|o 348.5492046 BAN
|p 3010024879
|r 2019-03-12
|s 2019-03-12
|t 2
|w 2012-04-05
|y 1HOUR
|